[Event "DSOL 04 Liga Gr-A 1st"]
[Site "Playchess.com INT"]
[Date "2020.08.14"]
[Round "2.1"]
[White "Denzer, Johannes"]
[Black "Arriens, Damien"]
[Result "0-1"]
[WhiteElo "1861"]
[BlackElo "1669"]
[PlyCount "106"]
[EventDate "2020.06.22"]
[EventType "team-tourn (rapid)"]
[EventCountry "GER"]
[SourceTitle "EXT 2021"]
[Source "ChessBase"]
[SourceDate "2020.10.23"]
[SourceVersion "1"]
[SourceVersionDate "2020.10.23"]
[SourceQuality "1"]
[WhiteTeam "Eisenberg"]
[BlackTeam "Ostertal"]
[WhiteTeamCountry "GER"]
[BlackTeamCountry "GER"]

1. e4 e5 2. Nf3 Nf6 3. d4 Nxe4 4. Bd3 d5 5. Nxe5 Bd6 6. 0-0 0-0 7. c4 c6 8. Nc3 Nxc3 9. bxc3 Bxe5 10. dxe5 Nd7 11. Qh5 g6 12. Qe2 Re8 13. f4 Nc5 14. Bc2 f6 15. f5 Rxe5 16. Qf2 Ne4 17. Bxe4 Rxe4 18. fxg6 hxg6 19. cxd5 Qxd5 20. Be3 Bf5 21. Bd4 Kf7 22. Rad1 Rd8 23. h3 Ke8 24. Kh2 Qd6+ 25. Kg1 c5 26. Bxc5 Qxd1 27. Rxd1 Rxd1+ 28. Kh2 Ree1 29. Qh4 Rh1+ 30. Kg3 Rd3+ 31. Kf2 Rd2+ 32. Kf3 Rd3+ 33. Kf2 Rd2+ 34. Kf3 Rd3+ 35. Ke2 Rxc3 36. Qh8+ Kd7 37. Qg7+ Kc8 38. Qf8+ Kc7 39. Qe7+ Kc8 40. Qf8+ Kd7 41. Qe7+ Kc8 42. Be3 Rc2+ 43. Kf3 Rf1+ 44. Kg3 Rd1 45. Qf8+ Kd7 46. Qf7+ Kc8 47. Qxf6 b6 48. Bf4 Rd3+ 49. Kh4 Kb7 50. Qe5 Rxg2 51. Qc7+ Ka6 52. Qc4+ Ka5 53. Bd6 Rxh3# 0-1